| 000 -LEADER |
| fixed length control field |
nam a22 a 4500 |
| 003 - CONTROL NUMBER IDENTIFIER |
| control field |
OSt |
| 005 - DATE AND TIME OF LATEST TRANSACTION |
| control field |
20170505135519.0 |
| 008 - FIXED-LENGTH DATA ELEMENTS--GENERAL INFORMATION |
| fixed length control field |
170505s20011996my 00 may d |
| 020 ## - INTERNATIONAL STANDARD BOOK NUMBER |
| International Standard Book Number |
9839188402 (kkt.) : |
| Terms of availability |
RM 6.00 |
| 039 #9 - LEVEL OF BIBLIOGRAPHIC CONTROL AND CODING DETAIL [OBSOLETE] |
| Level of rules in bibliographic description |
200609211137 |
| Level of effort used to assign nonsubject heading access points |
hidayah |
| Level of effort used to assign subject headings |
200608081510 |
| Level of effort used to assign classification |
zuraidahs |
| Level of effort used to assign subject headings |
200606130840 |
| Level of effort used to assign classification |
ellvinah |
| 040 ## - CATALOGING SOURCE |
| Original cataloging agency |
AKMAL |
| Transcribing agency |
AKMAL |
| 049 ## - LOCAL HOLDINGS (OCLC) |
| Holding library |
mal |
| 082 04 - DEWEY DECIMAL CLASSIFICATION NUMBER |
| Classification number |
297.1226 MAH |
| Edition number |
22 |
| 090 00 - LOCALLY ASSIGNED LC-TYPE CALL NUMBER (OCLC); LOCAL CALL NUMBER (RLIN) |
| Classification number (OCLC) (R) ; Classification number, CALL (RLIN) (NR) |
297.1226 |
| Local cutter number (OCLC) ; Book number/undivided call number, CALL (RLIN) |
MAH |
| 090 20 - LOCALLY ASSIGNED LC-TYPE CALL NUMBER (OCLC); LOCAL CALL NUMBER (RLIN) |
| Classification number (OCLC) (R) ; Classification number, CALL (RLIN) (NR) |
297.1226 |
| Local cutter number (OCLC) ; Book number/undivided call number, CALL (RLIN) |
MAH |
| 100 0# - MAIN ENTRY--PERSONAL NAME |
| Personal name |
Mahadi Dahlan, |
| Dates associated with a name |
1964- |
| 9 (RLIN) |
1787 |
| 245 10 - TITLE STATEMENT |
| Title |
Kaedah resam Uthmani dalam Al-Quran / |
| Statement of responsibility, etc. |
Mahadi Dahlan Al-Hafiz, Haji Azahari Hj. Othman Al-Hafiz |
| 260 ## - PUBLICATION, DISTRIBUTION, ETC. |
| Place of publication, distribution, etc. |
Kuala Lumpur : |
| Name of publisher, distributor, etc. |
Al-Hidayah, |
| Date of publication, distribution, etc. |
2001 |
| 300 ## - PHYSICAL DESCRIPTION |
| Extent |
101ms. ; |
| Dimensions |
21cm. |
| 500 ## - GENERAL NOTE |
| General note |
Mengandungi ayat-ayat dari Quran |
| 504 ## - BIBLIOGRAPHY, ETC. NOTE |
| Bibliography, etc. note |
Bibliografi: ms. 101 |
| 650 ## - SUBJECT ADDED ENTRY--TOPICAL TERM |
| Topical term or geographic name entry element |
Qur'an |
| General subdivision |
Criticism, interpretation, etc. |
| 9 (RLIN) |
1730 |
| 700 0# - ADDED ENTRY--PERSONAL NAME |
| Personal name |
Azahari Hj. Othman, |
| Titles and other words associated with a name |
Haji |
| 9 (RLIN) |
1788 |
| 942 ## - ADDED ENTRY ELEMENTS (KOHA) |
| Source of classification or shelving scheme |
|
| Koha item type |
Book |